Sports Quiz

Random Sports or WWE Quiz
Score 0/95 Timer 15:00
8 Plays Today
1st Starrcade Wrestler % Correct
1994Hulk Hogan
94.1%
1983Ric Flair
86%
1996Kevin Nash
80.9%
1995'Macho Man' Randy Savage
80.6%
1996Scott Hall
79.5%
1987Sting
79.5%
1999Bret 'Hitman' Hart
78.4%
1991'Stone Cold' Steve Austin
72.1%
1995Chris Benoit
72.1%
1983'Rowdy' Roddy Piper
71.6%
1995Eddie Guerrero
70.8%
1998Chris Jericho
68.9%
1996The Big Show
68.6%
1994Booker T
68.5%
1986Hector Guerrero
67.9%
1991Dustin Rhodes
67.5%
1984Dusty Rhodes
67.5%
1987Lex Luger
66.9%
1994Triple H
64.9%
1983Ricky 'The Dragon' Steamboat
64.8%
1997Goldberg
63.4%
1996Rey Mysterio
63.3%
1989Scott Steiner
63.3%
1985Arn Anderson
63.1%
1987Rick Steiner
62.8%
1996Dean Malenko
60.2%
1991Mick Foley
60.1%
1991Diamond Dallas Page
58.5%
1986Animal
57.8%
1986Hawk
57.6%
1990Sid Vicious
57.3%
1991Vader
55.9%
1st Starrcade Wrestler % Correct
1997Perry Saturn
54.5%
1986Rick Rude
54.4%
1997Mr. Perfect
54.2%
1983Greg 'The Hammer' Valentine
52.1%
1984Tully Blanchard
51.8%
1989Ron Simmons
51.8%
1996Jeff Jarrett
50%
1994Brutus 'The Barber' Beefcake
49.4%
1993Paul Orndorff
49%
1986The Big Boss Man
48.1%
1987Barry Windham
47.4%
1994Mr. T
46.9%
1988Mike Rotundo
46.8%
1983Harley Race
46.4%
1988Bam Bam Bigelow
46.3%
1985Repo Man
46%
1994Earthquake
45.4%
1998Crush
45.4%
2000Terry Funk
45%
1996Haku
44.2%
1983Bob Orton
44.1%
19922 Cold Scorpio
43.9%
1994'Hacksaw' Jim Duggan
42.7%
1988The Junkyard Dog
40.4%
1998Billy Kidman
39.9%
1993William Regal
39.2%
1993Tugboat
39%
1995One Man Gang
38.9%
1985The Barbarian
38.2%
2000Hurricane Helms
36.8%
1989Fatu
36.6%
1997Virgil
36%
1st Starrcade Wrestler % Correct
1983Hercules
35.5%
1993Brian Knobbs
34.5%
1989Butch Reed
33.8%
1993Jerry Sags
33.4%
1985Terry Taylor
32.1%
1993Paul Roma
31.3%
1991Adam Bomb
31%
1996Alundra Blayze
30.5%
1991Marc Mero
28.9%
1996Ultimo Dragon
28.8%
1991Giant Gonzalez
28.4%
1985Ron Garvin
28.3%
1991Matt Borne
28%
1987Michael Hayes
27.9%
1985Ricky Morton
27.8%
1985Robert Gibson
26.9%
2000Chuck Palumbo
24.9%
1998Finlay
23.9%
2000Jamie Noble
23.7%
1999Ron Harris
23.7%
1999Don Harris
23.7%
1990Dan Spivey
22.1%
1990Tom Zenk
21.7%
2000Shannon Moore
21%
1993Henry O. Godwinn
19.2%
1993Phineas I. Godwinn
19.2%
1985Billy Jack Haynes
18.8%
1984Ron Bass
17.7%
2000Jimmy Wang Yang
16.6%
1985Sam Houston
15.7%
1989Tama
15.2%

You're not logged in!

Compare scores with friends on all Sporcle quizzes.
OR
Log In

Sporcle TV

Today on Sporcle TV


Watch our educational content, quiz creation guides, and fun videos on Sporcle TV.

Show Comments

Extras

Top Quizzes Today


Score Distribution

Paid Content

Your Account Isn't Verified!

In order to create a playlist on Sporcle, you need to verify the email address you used during registration. Go to your Sporcle Settings to finish the process.

Report this User

Report this user for behavior that violates our Community Guidelines.

Details: